Gaming Quiz

Random Gaming or Board Games Quiz

Chess Trivia Chessboard Quiz Stats

 Plays Quiz Updated Dec 29, 2014

Also try: Chessboard Setup
Challenge
Share
Tweet
Embed
Score 0/72 Timer 05:00
7 Plays Today
i answer % Correct







Which chess piece has an L-shaped move and commonly has an equine design?
100%







How many total pawns are on a chessboard at the start of a game?
98.1%







What American became world champion by defeating Boris Spassky in Iceland in 1972?
97.2%
iknight
96.6%







What special move allows both a king and a rook to be moved on the same turn?
94.6%







Without resigning, the fastest way to lose a game is in two moves (f3 e5, g4 Qh4) known by what 'unwise' two-word phrase?
91.7%
isixteen
90.7%







What IBM chess-playing computer defeated Garry Kasparov in 1997?
81.2%







Founded in 1924, the World Chess Federation is usually known by what four-letter French acronym?
81.1%







What two-word French phrase refers to a way for a pawn to capture an opposing pawn that just advanced two squares?
79.1%
icastling
75.3%
iBobby Fischer
69.4%







In 2002, at age 18, Ruslan Ponomariov became world champion. He is a citizen of what former Soviet republic?
67.3%







Born in Prague, what man became the first undisputed world chess champion in 1886?
66.6%







What 16th-century Spanish priest lent his name to a popular chess opening, also known as the Spanish Opening?
61.4%







In 1978, Nona Gaprindashvili became the first woman to attain what title?
60.6%
iDeep Blue
59.9%







The Red Queen and the White Knight are chess piece characters in a classic 1871 book by what Englishman?
57.1%







What common defense, named for an island, plays c5 to respond to an opening move of e4?
57%







Named for a German physician, what principle says that rooks should usually be placed behind passed pawns?
56.4%
iUkraine
56.1%







The formation consisting of a queen behind two rooks in the same file has what firearm-related name?
53.6%
igrandmaster
52.4%







What Indian became the undisputed world chess champion in 2007 by winning a tournament in Mexico?
51.5%
ien passant
50.8%
ifool's mate
47.7%







What country, home of champion Veselin Topalov, issued the world's first chess-themed postage stamp in 1947?
47.5%
iFIDE
46%







What French expression meaning 'I adjust' is often spoken before adjusting a piece without moving it?
45.5%







'A Game of Chess' is the second of the five sections of what poem, T. S. Eliot's masterpiece?
45.3%







What utensil gives its name to the tactic in which a piece simultaneously threatens two or more pieces?
43.8%







The musical 'Chess' featured a chart-topping hit song about 'One Night in' what Asian capital?
43.4%
iLewis Carroll
42.8%







José Raúl Capablanca was the only world chess champion from what island nation?
40.4%







'The Defense', about the obsessive chess genius Luzhin, was the third novel by what Russian-American author?
39.3%







What term, Italian for 'little flank,' means moving a bishop to the second rank after advancing the knight pawn?
39.2%
i answer % Correct
ifork
38.8%







What opening, offering a white pawn at c4, is 'declined' by the Orthodox Line or the Slav Defense, among others?
38.6%







What 10-letter term for a weak chess player alludes to the fact that chess pieces are often made from dead trees?
38.6%
iRuy López
37.3%
iViswanathan Anand
37.1%
iBangkok
37.1%







What German-derived word denotes a situation when a player is disadvantaged by having the current move?
36.7%
iBulgaria
36.4%







If a pawn reaching the eighth rank is turned into a piece other than a queen, this is known by what 14-letter term?
35.8%
iSicilian Defense
35.8%
iCuba
35.7%
iWilhelm Steinitz
35.1%







What Englishman lost to Garry Kasparov in the 1993 World Chess Championship in London?
33.7%
iThe Waste Land
32.4%







In what Ingmar Bergman film does a medieval knight, Antonius Block, play chess with Death?
30.9%







Also known as Fegatello, what chess opening with a culinary name is a variation of the Two Knights Defense?
30.9%







What is the family name of the Hungarian-born chess prodigy sisters Zsuzsa, Zsófia, and Judit?
30.4%
ij'adoube
30.3%







A metaphorical game of chess with Fortuna is central to 'The Book of the Duchess' by what 14th-century English poet?
30.1%
iAlekhine's gun
29.6%
ifianchetto
28.8%
iVladimir Nabokov
28.6%







What 7-letter term, for the phase of a chess game after middlegame, is also the title of a Samuel Beckett play?
28.6%
iQueen's Gambit
28.6%
iunderpromotion
28.4%
iTarrasch rule
28.1%
iNigel Short
27.8%
izugzwang
27.7%
iFried Liver Attack
27%
iGeoffrey Chaucer
26.7%
iwoodpusher
26.7%
iPolgár
26.4%
iThe Seventh Seal
26.2%
iendgame
26.1%
icheckmate
24.9%







What 9-letter chess term is derived from a Persian phrase meaning 'the king is defeated'?
17.3%

You're not logged in!

Compare scores with friends on all Sporcle quizzes.
Join for Free
OR
Log In

You Might Also Like...

Show Comments

Extras

Top Quizzes Today


Score Distribution

Your Account Isn't Verified!

In order to create a playlist on Sporcle, you need to verify the email address you used during registration. Go to your Sporcle Settings to finish the process.

Report this User

Report this user for behavior that violates our Community Guidelines.

Details: